000 00485nam a2200181Ia 4500
001 17947
005 20260306171554.0
008 260306s9999||||xx |||||||||||||| ||und||
041 _aESP
082 _a658.3
_bH27
100 _aHawkins, Peter
_eAUT
245 0 _aCoaching y liderazgo de equipos:
_bcoaching para un liderazgo con capacidad de transformación
260 _c2012
300 _a353 pƔginas :
_c22 cm.
650 _aGEN
654 _aCAN
942 _cLIB
_dJUS
_fJUS
_2ddc
_n
999 _c17947
_d17947